000 00444nam a2200181Ia 4500
001 20741
005 20260306172828.0
008 260306t2009||||xx |||||||||||||| ||spa||
041 _aESP
082 _a343.8
_bA47 2009
100 _aAlva Matteucci, Mario
_eAUT
245 0 _aDetracciones, retenciones y percepciones
260 _c2009
300 _a329 páginas :
_c24 cm.
650 _aGEN
654 _aCDE
942 _cLIB
_dJUS
_fJUS
_2ddc
_n
999 _c20741
_d20741